<?xml version="1.0" encoding="UTF-8"?>
<record
    xmlns:xsi="http://www.w3.org/2001/XMLSchema-instance"
    xsi:schemaLocation="http://www.loc.gov/MARC21/slim http://www.loc.gov/standards/marcxml/schema/MARC21slim.xsd"
    xmlns="http://www.loc.gov/MARC21/slim">

  <leader>00475nam a22001577a 4500</leader>
  <controlfield tag="005">20170407144101.0</controlfield>
  <controlfield tag="008">170407b        xxu||||| |||| 00| 0 eng d</controlfield>
  <datafield tag="040" ind1=" " ind2=" ">
    <subfield code="c">PK-LaUMT</subfield>
  </datafield>
  <datafield tag="082" ind1=" " ind2=" ">
    <subfield code="a">ZIAC 297</subfield>
    <subfield code="b">TAR-</subfield>
  </datafield>
  <datafield tag="245" ind1=" " ind2=" ">
    <subfield code="a">&#x62A;&#x639;&#x627;&#x631;&#x641; &#x627;&#x633;&#x644;&#x627;&#x645;/</subfield>
    <subfield code="c">&#x633;&#x6CC;&#x62F; &#x627;&#x628;&#x648; &#x627;&#x644;&#x62E;&#x6CC;&#x631; &#x6A9;&#x634;&#x641;&#x6CC;(&#x62A;&#x631;&#x62A;&#x6CC;&#x628;</subfield>
  </datafield>
  <datafield tag="260" ind1=" " ind2=" ">
    <subfield code="a">&#x6A9;&#x631;&#x627;&#x686;&#x6CC;&#x61B;</subfield>
    <subfield code="b">&#x633;&#x631;&#x633;&#x6CC;&#x62F; &#x6CC;&#x648;&#x646;&#x6CC;&#x648;&#x631;&#x633;&#x679;&#x6CC; &#x67E;&#x631;&#x6CC;&#x633; &#x60C;</subfield>
    <subfield code="c">1999</subfield>
  </datafield>
  <datafield tag="300" ind1=" " ind2=" ">
    <subfield code="a">203 &#x635;</subfield>
  </datafield>
  <datafield tag="546" ind1=" " ind2=" ">
    <subfield code="a">&#x627;&#x631;&#x62F;&#x648;</subfield>
  </datafield>
  <datafield tag="700" ind1=" " ind2=" ">
    <subfield code="a">&#x638;&#x644; &#x627;&#x62D;&#x645;&#x62F; &#x646;&#x638;&#x627;&#x645;&#x6CC;(&#x645;&#x642;&#x62F;&#x645;&#x6C1;</subfield>
  </datafield>
  <datafield tag="942" ind1=" " ind2=" ">
    <subfield code="c">BK</subfield>
  </datafield>
  <datafield tag="999" ind1=" " ind2=" ">
    <subfield code="c">92406</subfield>
    <subfield code="d">92406</subfield>
  </datafield>
  <datafield tag="952" ind1=" " ind2=" ">
    <subfield code="0">0</subfield>
    <subfield code="1">0</subfield>
    <subfield code="4">0</subfield>
    <subfield code="7">0</subfield>
    <subfield code="a">01</subfield>
    <subfield code="b">01</subfield>
    <subfield code="d">2017-04-07</subfield>
    <subfield code="l">0</subfield>
    <subfield code="o">ZIAC 297 TAR-</subfield>
    <subfield code="p">107146</subfield>
    <subfield code="r">2017-04-07 00:00:00</subfield>
    <subfield code="w">2017-04-07</subfield>
    <subfield code="y">BK</subfield>
  </datafield>
</record>
